| 000 | 01172aam a2200397 4500 | ||
|---|---|---|---|
| 005 | 20250926120754.0 | ||
| 008 | 150729b2007 xxu||||| |||| 00| 0 spa d | ||
| 020 | _a9788445817124 | ||
| 041 | _aESP | ||
| 082 | _a613.62 B456s3 | ||
| 100 |
_aBenavides, Fernando _98531 |
||
| 100 |
_aRuiz Frutos, Carlos _98528 |
||
| 100 |
_aGarcía, Ana M _98529 |
||
| 100 |
_aDelclos, Jordi _98530 |
||
| 245 | _aSalud laboral: conceptos y técnicas para la prevención de riesgos laborales | ||
| 250 | _a3 edición | ||
| 260 | _aEspaña | ||
| 260 | _bMASSON | ||
| 260 | _c2006 | ||
| 300 | _a483 páginas | ||
| 490 | _aDirección de Educación Comunitaria y Asistencia Técnica | ||
| 490 | _aTemática General | ||
| 650 | _aSALUD OCUPACIONAL | ||
| 650 | _aSALUD LABORAL | ||
| 650 | _aGESTIÓN DE LA PREVENCIÓN | ||
| 650 | _aEVALUACIÓN DE RIESGOS | ||
| 650 | _aERGONOMÍA | ||
| 650 | _aVIGILANCIA DE LA SALUD | ||
| 650 | _aINTERVENCIONES PREVENTIVAS | ||
| 650 | _aAUDITORÍA | ||
| 650 | _aRIESGOS LABORALES | ||
| 650 | _aENFERMEDADES DE ORIGEN LABORAL | ||
| 650 | _aPROTOCOLOS DE INVESTIGACIÓN | ||
| 650 | _aEPIDEMIOLOGÍA LABORAL | ||
| 942 |
_cBK _2ddc |
||
| 999 |
_c6967 _d6967 |
||